<?xml version="1.0" encoding="UTF-8"?>
<record
    xmlns:xsi="http://www.w3.org/2001/XMLSchema-instance"
    xsi:schemaLocation="http://www.loc.gov/MARC21/slim http://www.loc.gov/standards/marcxml/schema/MARC21slim.xsd"
    xmlns="http://www.loc.gov/MARC21/slim">

  <leader>01656nam1a2200289 i 4500</leader>
  <controlfield tag="001">RU\NLR\bibl\942266</controlfield>
  <controlfield tag="005">20260405162646.0</controlfield>
  <datafield tag="035" ind1=" " ind2=" ">
    <subfield code="a">(NLR Aleph) 000930426</subfield>
  </datafield>
  <datafield tag="090" ind1=" " ind2=" ">
    <subfield code="a">156346</subfield>
    <subfield code="c">156346</subfield>
  </datafield>
  <datafield tag="100" ind1=" " ind2=" ">
    <subfield code="a">20060503g20049999u  y0rusy50      ca</subfield>
  </datafield>
  <datafield tag="101" ind1="0" ind2=" ">
    <subfield code="a">rus</subfield>
  </datafield>
  <datafield tag="102" ind1=" " ind2=" ">
    <subfield code="a">RU</subfield>
  </datafield>
  <datafield tag="105" ind1=" " ind2=" ">
    <subfield code="a">||||z   |||||</subfield>
  </datafield>
  <datafield tag="200" ind1="1" ind2=" ">
    <subfield code="a">&#x41A;&#x43E;&#x43D;&#x442;&#x440;&#x43E;&#x43B;&#x44C; &#x438; &#x43A;&#x43E;&#x440;&#x440;&#x435;&#x43A;&#x446;&#x438;&#x44F; &#x43C;&#x430;&#x441;&#x441;&#x43E;&#x433;&#x435;&#x43E;&#x43C;&#x435;&#x442;&#x440;&#x438;&#x447;&#x435;&#x441;&#x43A;&#x438;&#x445; &#x445;&#x430;&#x440;&#x430;&#x43A;&#x442;&#x435;&#x440;&#x438;&#x441;&#x442;&#x438;&#x43A; &#x43B;&#x435;&#x442;&#x430;&#x442;&#x435;&#x43B;&#x44C;&#x43D;&#x44B;&#x445; &#x430;&#x43F;&#x43F;&#x430;&#x440;&#x430;&#x442;&#x43E;&#x432;</subfield>
    <subfield code="e">&#x442;&#x435;&#x43A;&#x441;&#x442; &#x43B;&#x435;&#x43A;&#x446;&#x438;&#x439;</subfield>
    <subfield code="f">&#x424;&#x435;&#x434;&#x43E;&#x440;&#x43E;&#x432; &#x412;.&#x411;.</subfield>
    <subfield code="g">&#x41C;-&#x432;&#x43E; &#x43E;&#x431;&#x440;&#x430;&#x437;&#x43E;&#x432;&#x430;&#x43D;&#x438;&#x44F; &#x438; &#x43D;&#x430;&#x443;&#x43A;&#x438; &#x420;&#x43E;&#x441;. &#x424;&#x435;&#x434;&#x435;&#x440;&#x430;&#x446;&#x438;&#x438;, &#x424;&#x435;&#x434;&#x435;&#x440;. &#x430;&#x433;&#x435;&#x43D;&#x442;&#x441;&#x442;&#x432;&#x43E; &#x43F;&#x43E; &#x43E;&#x431;&#x440;&#x430;&#x437;&#x43E;&#x432;&#x430;&#x43D;&#x438;&#x44E;, &#x42E;&#x436;.-&#x423;&#x440;. &#x433;&#x43E;&#x441;. &#x443;&#x43D;-&#x442;, &#x41A;&#x430;&#x444;. &#x430;&#x432;&#x442;&#x43E;&#x43C;&#x430;&#x442;&#x438;&#x437;&#x430;&#x446;&#x438;&#x438; &#x43C;&#x435;&#x445;&#x430;&#x43D;&#x43E;&#x441;&#x431;&#x43E;&#x440;&#x43E;&#x447;. &#x43F;&#x440;-&#x432;&#x430;</subfield>
  </datafield>
  <datafield tag="210" ind1=" " ind2=" ">
    <subfield code="a">&#x427;&#x435;&#x43B;&#x44F;&#x431;&#x438;&#x43D;&#x441;&#x43A;</subfield>
    <subfield code="c">&#x418;&#x437;&#x434;-&#x432;&#x43E; &#x42E;&#x423;&#x440;&#x413;&#x423;</subfield>
    <subfield code="d">2004</subfield>
  </datafield>
  <datafield tag="215" ind1=" " ind2=" ">
    <subfield code="d">21</subfield>
  </datafield>
  <datafield tag="463" ind1=" " ind2="0">
    <subfield code="1">001936491</subfield>
  </datafield>
  <datafield tag="606" ind1="1" ind2=" ">
    <subfield code="a">&#x41B;&#x435;&#x442;&#x430;&#x442;&#x435;&#x43B;&#x44C;&#x43D;&#x44B;&#x435; &#x430;&#x43F;&#x43F;&#x430;&#x440;&#x430;&#x442;&#x44B;</subfield>
    <subfield code="j">&#x423;&#x447;&#x435;&#x431;&#x43D;&#x44B;&#x435; &#x438;&#x437;&#x434;&#x430;&#x43D;&#x438;&#x44F; &#x434;&#x43B;&#x44F; &#x432;&#x44B;&#x441;&#x448;&#x438;&#x445; &#x443;&#x447;&#x435;&#x431;&#x43D;&#x44B;&#x445; &#x437;&#x430;&#x432;&#x435;&#x434;&#x435;&#x43D;&#x438;&#x439;</subfield>
    <subfield code="x">&#x412;&#x435;&#x441;&#x43E;&#x432;&#x44B;&#x435; &#x445;&#x430;&#x440;&#x430;&#x43A;&#x442;&#x435;&#x440;&#x438;&#x441;&#x442;&#x438;&#x43A;&#x438;</subfield>
    <subfield code="9">2270511</subfield>
    <subfield code="3">RU\NLR\auth\661360888</subfield>
  </datafield>
  <datafield tag="606" ind1="1" ind2=" ">
    <subfield code="a">&#x41B;&#x435;&#x442;&#x430;&#x442;&#x435;&#x43B;&#x44C;&#x43D;&#x44B;&#x435; &#x430;&#x43F;&#x43F;&#x430;&#x440;&#x430;&#x442;&#x44B;</subfield>
    <subfield code="j">&#x423;&#x447;&#x435;&#x431;&#x43D;&#x44B;&#x435; &#x438;&#x437;&#x434;&#x430;&#x43D;&#x438;&#x44F; &#x434;&#x43B;&#x44F; &#x432;&#x44B;&#x441;&#x448;&#x438;&#x445; &#x443;&#x447;&#x435;&#x431;&#x43D;&#x44B;&#x445; &#x437;&#x430;&#x432;&#x435;&#x434;&#x435;&#x43D;&#x438;&#x439;</subfield>
    <subfield code="x">&#x423;&#x441;&#x442;&#x43E;&#x439;&#x447;&#x438;&#x432;&#x43E;&#x441;&#x442;&#x44C;</subfield>
    <subfield code="9">1461311</subfield>
    <subfield code="3">RU\NLR\auth\66619986</subfield>
  </datafield>
  <datafield tag="686" ind1=" " ind2=" ">
    <subfield code="a">&#x41E;52-02&#x44F;73-1</subfield>
  </datafield>
  <datafield tag="700" ind1=" " ind2="1">
    <subfield code="4">070</subfield>
    <subfield code="8">rus</subfield>
    <subfield code="7">ca</subfield>
    <subfield code="a">&#x424;&#x435;&#x434;&#x43E;&#x440;&#x43E;&#x432;</subfield>
    <subfield code="b">&#x412;. &#x411;.</subfield>
    <subfield code="c">&#x43A;&#x430;&#x43D;&#x434;. &#x442;&#x435;&#x445;&#x43D;. &#x43D;&#x430;&#x443;&#x43A;, &#x430;&#x432;&#x438;&#x430;&#x446;&#x438;&#x43E;&#x43D;. &#x442;&#x435;&#x445;&#x43D;&#x438;&#x43A;&#x430;</subfield>
    <subfield code="f">1964-</subfield>
    <subfield code="g">&#x412;&#x438;&#x43A;&#x442;&#x43E;&#x440; &#x411;&#x43E;&#x440;&#x438;&#x441;&#x43E;&#x432;&#x438;&#x447;</subfield>
    <subfield code="3">RU\NLR\auth\7768923</subfield>
    <subfield code="9">51851</subfield>
  </datafield>
  <datafield tag="801" ind1=" " ind2="0">
    <subfield code="a">RU</subfield>
    <subfield code="b">NLR</subfield>
    <subfield code="c">20060503</subfield>
    <subfield code="g">rcr</subfield>
  </datafield>
  <datafield tag="801" ind1=" " ind2="1">
    <subfield code="a">RU</subfield>
    <subfield code="b">NLR</subfield>
    <subfield code="c">20060503</subfield>
  </datafield>
  <datafield tag="830" ind1=" " ind2=" ">
    <subfield code="a">&#x430;&#x432;&#x442;. &#x43F;&#x43E; &#x43A;&#x43D;.</subfield>
  </datafield>
  <datafield tag="852" ind1=" " ind2=" ">
    <subfield code="a">NLR</subfield>
    <subfield code="j">2006-3/11232</subfield>
  </datafield>
  <datafield tag="942" ind1=" " ind2=" ">
    <subfield code="c">BOOK</subfield>
  </datafield>
</record>
